| 000 | 01297cam a2200337 a 4500 | ||
|---|---|---|---|
| 001 | 2062853 | ||
| 003 | BD-DhUL | ||
| 005 | 20170424100350.0 | ||
| 008 | 781211s1965 nyu b 00100 eng | ||
| 010 | _a95153525 | ||
| 020 |
_a0394703588 _qpaperback |
||
| 035 | _a2062853 | ||
| 040 |
_aANL _beng _dBD-DhUL _cBD-DhUL |
||
| 043 | _an-us--- | ||
| 050 | 0 |
_aE162 _b.B68 1965 |
|
| 051 |
_aE162 _b.B68 1965c _cAnother impression. After 1974. Stock no. V-358, $8.95. LC copy inscribed by the author. |
||
| 051 |
_aE162 _b.B68 1965b _cAnother impression. Between 1973 and 1975. Stock no. V-358, $3.95. LC copy inscribed by the author. |
||
| 082 |
_a973 _bBOA |
||
| 100 | 1 |
_aBoorstin, Daniel J. _q(Daniel Joseph), _d1914- |
|
| 245 | 1 | 4 |
_aThe Americans, the national experience / _cby Daniel J. Boorstin. |
| 260 |
_aNew York : _bVintage Books, _cc1965 _g(printed between 1965 and 1969) |
||
| 300 |
_a517 p. ; _c21 cm. |
||
| 500 | _aStock no. V-358, $2.45. | ||
| 500 |
_aLC copy inscribed by the author. _5DLC |
||
| 504 | _aIncludes bibliographical references and index. | ||
| 650 | 0 | _aNational characteristics, American. | |
| 651 | 0 |
_aUnited States _xCivilization _y1783-1865. |
|
| 710 | 2 |
_aDaniel J. Boorstin Collection(Library of Congress) _5DLC |
|
| 942 |
_2ddc _cBK |
||
| 984 |
_aANL _c917.3 BOO |
||
| 999 |
_c192227 _d192227 |
||